<?xml version="1.0" encoding="UTF-8"?>
<record
    xmlns:xsi="http://www.w3.org/2001/XMLSchema-instance"
    xsi:schemaLocation="http://www.loc.gov/MARC21/slim http://www.loc.gov/standards/marcxml/schema/MARC21slim.xsd"
    xmlns="http://www.loc.gov/MARC21/slim">

  <leader>00803nam a22002657a 4500</leader>
  <controlfield tag="005">20170123162326.0</controlfield>
  <datafield tag="010" ind1=" " ind2=" ">
    <subfield code="a">B-052064</subfield>
  </datafield>
  <datafield tag="020" ind1=" " ind2=" ">
    <subfield code="c">125.00</subfield>
  </datafield>
  <datafield tag="035" ind1=" " ind2=" ">
    <subfield code="a">B-052064</subfield>
  </datafield>
  <datafield tag="037" ind1=" " ind2=" ">
    <subfield code="b">Cen Lib/Ret</subfield>
  </datafield>
  <datafield tag="040" ind1=" " ind2=" ">
    <subfield code="a">DPL</subfield>
    <subfield code="b">UR</subfield>
  </datafield>
  <datafield tag="082" ind1=" " ind2=" ">
    <subfield code="a">&#x646;</subfield>
    <subfield code="b">&#x62A; &#x631; &#x6AF; </subfield>
  </datafield>
  <datafield tag="100" ind1=" " ind2=" ">
    <subfield code="a">&#x631;&#x6C1;&#x631;&#x6AF;&#x646;&#x6CC;&#x641;&#x60C; &#x627;&#x6CC;&#x648;&#x627;&#x646; </subfield>
    <subfield code="9">110229</subfield>
  </datafield>
  <datafield tag="245" ind1=" " ind2=" ">
    <subfield code="a">&#x631;&#x64F;&#x62F; &#x62F;&#x6CC;&#x646;  /</subfield>
    <subfield code="c"> &#x627;&#x6CC;&#x648;&#x627;&#x646; &#x631;&#x6C1;&#x631;&#x6AF;&#x646;&#x6CC;&#x641;</subfield>
  </datafield>
  <datafield tag="246" ind1=" " ind2=" ">
    <subfield code="a">Ruddeen /</subfield>
    <subfield code="b">by Aewne Tuganef   </subfield>
  </datafield>
  <datafield tag="260" ind1=" " ind2=" ">
    <subfield code="a">&#x644;&#x627;&#x6C1;&#x648;&#x631; </subfield>
    <subfield code="b">&#x646;&#x6AF;&#x627;&#x631;&#x634;&#x627;&#x62A; </subfield>
    <subfield code="c">1999</subfield>
  </datafield>
  <datafield tag="270" ind1=" " ind2=" ">
    <subfield code="b">&#x644;&#x627;&#x6C1;&#x648;&#x631; </subfield>
    <subfield code="a">&#x645;&#x6CC;&#x627;&#x6BA; &#x686;&#x6CC;&#x645;&#x628;&#x631; &#x663; &#x679;&#x645;&#x67E;&#x644; &#x631;&#x648;&#x688; </subfield>
  </datafield>
  <datafield tag="300" ind1=" " ind2=" ">
    <subfield code="a">184p.</subfield>
    <subfield code="c">21cm(Hb)</subfield>
  </datafield>
  <datafield tag="500" ind1=" " ind2=" ">
    <subfield code="a">&#x6C1;&#x648;&#x62C;&#x627;&#x62A; &#x634;&#x627;&#x645;&#x644; </subfield>
  </datafield>
  <datafield tag="650" ind1=" " ind2=" ">
    <subfield code="a">&#x627;&#x62F;&#x628; --&#x627;&#x631;&#x62F;&#x648;   </subfield>
    <subfield code="9">119271</subfield>
  </datafield>
  <datafield tag="650" ind1=" " ind2=" ">
    <subfield code="a">&#x627;&#x631;&#x62F;&#x648;   &#x646;&#x627;&#x648;&#x644;      </subfield>
    <subfield code="9">547</subfield>
  </datafield>
  <datafield tag="650" ind1=" " ind2=" ">
    <subfield code="a">Literature --Urdu</subfield>
    <subfield code="9">119272</subfield>
  </datafield>
  <datafield tag="650" ind1=" " ind2=" ">
    <subfield code="a">Urdu novel</subfield>
    <subfield code="9">119273</subfield>
  </datafield>
  <datafield tag="942" ind1=" " ind2=" ">
    <subfield code="2">ddc</subfield>
    <subfield code="c">UR</subfield>
    <subfield code="h">&#x646;</subfield>
    <subfield code="m">&#x62A; &#x631; &#x6AF; </subfield>
  </datafield>
  <datafield tag="999" ind1=" " ind2=" ">
    <subfield code="c">107413</subfield>
    <subfield code="d">107413</subfield>
  </datafield>
  <datafield tag="952" ind1=" " ind2=" ">
    <subfield code="0">0</subfield>
    <subfield code="1">0</subfield>
    <subfield code="4">0</subfield>
    <subfield code="7">0</subfield>
    <subfield code="a">L</subfield>
    <subfield code="b">L</subfield>
    <subfield code="d">2016-01-07</subfield>
    <subfield code="e">Cen Lib/Ret</subfield>
    <subfield code="g">125.00</subfield>
    <subfield code="l">1</subfield>
    <subfield code="o">&#x646; &#x62A; &#x631; &#x6AF;</subfield>
    <subfield code="p">B-052064</subfield>
    <subfield code="r">2017-10-24 00:00:00</subfield>
    <subfield code="s">2017-10-14</subfield>
    <subfield code="t">1</subfield>
    <subfield code="v">125.00</subfield>
    <subfield code="w">2016-01-07</subfield>
    <subfield code="y">UR</subfield>
  </datafield>
</record>
